000 00339nam a2200133Ia 4500
005 20260328101442.0
008 260328s9999||||xx |||||||||||||| ||und||
100 _aLacopi, Robert L.
245 0 _aHow to Design and Build decks and patios /
_cRobert L. Lacopi
260 _bOrtho Books
300 _a109 p.
650 _aPATIOS
942 _cBK
999 _c8310
_d8310